| 000 | 00610nam a2200217 a 4500 | ||
|---|---|---|---|
| 001 | 64039 | ||
| 003 | BD-RjUL | ||
| 005 | 20211209081250.0 | ||
| 008 | 170208s1967 enk b 001 0 eng | ||
| 035 | _a(BD-RjUL)64169 | ||
| 040 |
_aDLC _cDLC _dBD-RjUL _beng |
||
| 041 | _aeng | ||
| 082 | 0 | 0 |
_a951 _223 _bBLC 1967 |
| 100 | 1 |
_aBloodworth, Dennis. _9190219 |
|
| 245 | 1 | 4 |
_aThe Chinese looking glass / _cDennis Bloodworth, |
| 260 |
_aNew York : _bFarrar, Straus and Giroux, _cc1967 |
||
| 300 |
_axii, 432 p. ; _c22 cm. |
||
| 504 | _aInclude Bibliography and index | ||
| 651 | 0 |
_aChina. _9190220 |
|
| 942 |
_2ddc _cBK |
||
| 999 |
_c64039 _d64039 |
||